Loading...

Manthrathakidu /

Bibliografiske detaljer
Hovedforfatter: Bolano, Roberto
Andre forfattere: Philip, Jose K.
Format: Printed Book
Sprog:English
Udgivet: Kottayam: D.C.Books, 2012.
Fag:
LEADER 00658 a2200181 4500
008 150103s9999 000 0 eng
020 |a 9788126434169 
082 |a 863.64  
100 |a Bolano, Roberto. 
245 |a Manthrathakidu / 
260 |a Kottayam:  |b D.C.Books,  |c 2012. 
300 |a 134 p. 
500 |a Translation in to Malayalam--Original Spanish Title--Amuleto--English Title--Amulet-- 
650 |a Spanish Fiction 
700 |a Philip, Jose K. 
942 |c BK 
999 |c 307021  |d 307021 
952 |0 0  |1 0  |2 ddc  |4 0  |6 863_640000000000000_BOL_MA  |7 0  |9 352235  |a DRA  |b DRA  |c ST1  |d 2013-06-24  |i 8197  |l 6  |o 863.64 BOL/MA  |p DRA8197  |r 2016-09-07  |s 2016-08-17  |v 80.00  |w 2013-06-24  |y BK